NHL Rosters 2025 (Eastern Conference) - Statistics

General Stats
  • This quiz has been taken 75 times
  • The average score is 112 of 420
Answer Stats
Hint Answer % Correct
Carolina Hurricanes #20 Sebastian Aho
89%
New Jersey Devils #86 Jack Hughes
75%
New Jersey Devils #43 Luke Hughes
74%
Carolina Hurricanes #24 Seth Jarvis
72%
Pittsburgh Penguins #87 Sidney Crosby
72%
Washington Capitals #8 Alexander Ovechkin
70%
Carolina Hurricanes #37 Andrei Svechnikov
68%
Toronto Maple Leafs #34 Auston Matthews
68%
Ottawa Senators #7 Brady Tkachuk
68%
Florida Panthers #19 Matthew Tkachuk
68%
Florida Panthers #63 Brad Marchand
66%
Pittsburgh Penguins #71 Evgeni Malkin
66%
Carolina Hurricanes #74 Jaccob Slavin
64%
Tampa Bay Lightning #86 Nikita Kucherov
64%
Montreal Canadiens #13 Cole Caufield
62%
New Jersey Devils #63 Jesper Bratt
62%
Toronto Maple Leafs #16 Mitchell Marner
62%
Montreal Canadiens #14 Nick Suzuki
62%
Florida Panthers #72 Sergei Bobrovsky
62%
Columbus Blue Jackets #8 Zach Werenski
62%
Tampa Bay Lightning #21 Brayden Point
60%
Boston Bruins #88 David Pastrnak
60%
Detroit Red Wings #71 Dylan Larkin
60%
Carolina Hurricanes #31 Frederik Andersen
60%
Carolina Hurricanes #11 Jordan Staal
60%
Buffalo Sabres #26 Rasmus Dahlin
60%
Florida Panthers #16 Aleksander Barkov
58%
New York Rangers #8 J.T. Miller
58%
New York Rangers #79 K'Andre Miller
58%
Pittsburgh Penguins #58 Kris Letang
58%
Washington Capitals #48 Logan Thompson
58%
New Jersey Devils #13 Nico Hischier
58%
Florida Panthers #9 Sam Bennett
58%
Buffalo Sabres #72 Tage Thompson
58%
Toronto Maple Leafs #92 Alex Nylander
57%
New York Rangers #10 Artemi Panarin
57%
New Jersey Devils #7 Dougie Hamilton
57%
New York Islanders #17 Matt Martin
57%
Montreal Canadiens #53 Noah Dobson
57%
Montreal Canadiens #92 Patrik Laine
57%
Toronto Maple Leafs #88 William Nylander
57%
New York Islanders #13 Mathew Barzal
55%
Tampa Bay Lightning #77 Victor Hedman
55%
Pittsburgh Penguins #17 Bryan Rust
53%
Ottawa Senators #28 Claude Giroux
53%
Montreal Canadiens #48 Lane Hutson
53%
New York Rangers #93 Mika Zibanejad
53%
New York Rangers #23 Adam Fox
51%
Tampa Bay Lightning #88 Andrei Vasilevskiy
51%
Boston Bruins #73 Charlie McAvoy
51%
New York Rangers #31 Igor Shesterkin
51%
Columbus Blue Jackets #3 Jack Johnson
51%
New Jersey Devils #25 Jacob Markstrom
51%
Tampa Bay Lightning #59 Jake Guentzel
51%
Boston Bruins #1 Jeremy Swayman
51%
Columbus Blue Jackets #91 Kent Johnson
51%
Toronto Maple Leafs #71 Reese Johnson
51%
Columbus Blue Jackets #23 Sean Monahan
51%
Philadelphia Flyers #11 Travis Konecny
51%
Florida Panthers #5 Aaron Ekblad
49%
Columbus Blue Jackets #19 Adam Fantilli
49%
Montreal Canadiens #45 alexandre Carrier
49%
Carolina Hurricanes #82 Jesperi Kotkaniemi
49%
Montreal Canadiens #17 Josh Anderson
49%
New York Islanders #2 Mike Rielly
49%
Toronto Maple Leafs #44 Morgan Rielly
49%
Buffalo Sabres #25 Owen Power
49%
Detroit Red Wings #88 Patrick Kane
49%
Florida Panthers #13 Sam Reinhart
49%
Carolina Hurricanes #28 William Carrier
49%
New York Islanders #27 Anders Lee
47%
New York Islanders #30 Ilya Sorokin
47%
New Jersey Devils #34 Jake Allen
47%
Montreal Canadiens #75 Jakub Dobes
47%
Toronto Maple Leafs #91 John Tavares
47%
Columbus Blue Jackets #86 Kirill Marchenko
47%
Detroit Red Wings #23 Lucas Raymond
47%
Detroit Red Wings #53 Moritz Seider
47%
Carolina Hurricanes #71 Taylor Hall
47%
New York Rangers #6 Zac Jones
47%
Buffalo Sabres #89 Alex Tuch
45%
Toronto Maple Leafs #41 Anthony Stolarz
45%
Tampa Bay Lightning #38 Brandon Hagel
45%
Pittsburgh Penguins #65 Erik Karlsson
45%
Carolina Hurricanes #53 Jackson Blake
45%
Carolina Hurricanes #5 Jalen Chatfield
45%
Washington Capitals #74 John Carlson
45%
Ottawa Senators #35 Linus Ullmark
45%
Carolina Hurricanes #22 Logan Stankoven
45%
Toronto Maple Leafs #23 Matthew Knies
45%
Montreal Canadiens #8 Mike Matheson
45%
Carolina Hurricanes #52 Pyotr Kochetkov
45%
Montreal Canadiens #35 Samuel Montembeault
45%
Pittsburgh Penguins #35 Tristan Jarry
45%
New York Islanders #14 Bo Horvat
43%
Columbus Blue Jackets #38 Boone Jenner
43%
Columbus Blue Jackets #90 Elvis Merzlikins
43%
Ottawa Senators #85 Jake Sanderson
43%
Toronto Maple Leafs #60 Joseph Woll
43%
Montreal Canadiens #20 Juraj Slafkovsky
43%
Washington Capitals #43 Tom Wilson
43%
Montreal Canadiens #11 Brendan Gallagher
42%
Carolina Hurricanes #8 Brent Burns
42%
Montreal Canadiens #93 Ivan Demidov
42%
Carolina Hurricanes #96 Jack Roslovic
42%
Carolina Hurricanes #48 Jordan Martinook
42%
Montreal Canadiens #77 Kirby Dach
42%
Toronto Maple Leafs #11 Max Domi
42%
Ottawa Senators #72 Thomas Chabot
42%
Detroit Red Wings #93 Alex Debrincat
40%
New York Rangers #13 Alexis Lafreniere
40%
Detroit Red Wings #15 Craig Smith
40%
Florida Panthers #42 Gustav Forsling
40%
Philadelphia Flyers #39 Matvei Michkov
40%
Philadelphia Flyers #14 Sean Couturier
40%
Carolina Hurricanes #42 Ty Smith
40%
Tampa Bay Lightning #71 Anthony Cirelli
38%
Florida Panthers #15 Anton Lundell
38%
Buffalo Sabres #4 Bowen Byram
38%
Washington Capitals #17 Dylan Strome
38%
Carolina Hurricanes #50 Eric Robinson
38%
Columbus Blue Jackets #21 James Van Riemsdyk
38%
Montreal Canadiens #40 Joel Armia
38%
New Jersey Devils #28 Timo Meier
38%
Montreal Canadiens #72 Arber Xhekaj
36%
Washington Capitals #79 Charlie Lindgren
36%
Montreal Canadiens #58 David Savard
36%
New Jersey Devils #91 Dawson Mercer
36%
Carolina Hurricanes #7 Dmitry Orlov
36%
Columbus Blue Jackets #9 Ivan Provorov
36%
New York Rangers #32 Jonathan Quick
36%
Montreal Canadiens #21 Kaiden Guhle
36%
Boston Bruins #18 Pavel Zacha
36%
Pittsburgh Penguins #67 Rickard Rakell
36%
Carolina Hurricanes #4 Shayne Gostisbehere
36%
New Jersey Devils #17 Simon Nemec
36%
New York Rangers #16 Vincent Trocheck
36%
New York Islanders #3 Adam Pelech
34%
New York Islanders #28 Alexander Romanov
34%
Montreal Canadiens #15 Alex Newhook
34%
Washington Capitals #21 Aliaksei Protas
34%
Toronto Maple Leafs #25 Brandon Carlo
34%
New Jersey Devils #22 Brett Pesce
34%
Montreal Canadiens #28 Christian Dvorak
34%
Ottawa Senators #19 Drake Batherson
34%
Boston Bruins #28 Elias Lindholm
34%
Florida Panthers #17 Evan Rodrigues
34%
Boston Bruins #27 Hampus Lindholm
34%
Boston Bruins #70 Joonas Korpisalo
34%
Boston Bruins #39 Morgan Geekie
34%
New York Islanders #6 Ryan Pulock
34%
Carolina Hurricanes #26 Sean Walker
34%
Buffalo Sabres #1 Ukko-Pekka Luukkonen
34%
Buffalo Sabres #9 Zach Benson
34%
Carolina Hurricanes #21 Alexander Nikishin
32%
Toronto Maple Leafs #74 Bobby McMann
32%
Columbus Blue Jackets #10 Dmitri Voronkov
32%
Montreal Canadiens #71 Jake Evans
32%
Toronto Maple Leafs #89 Nicholas Robertson
32%
Toronto Maple Leafs #95 Oliver Ekman-Larsson
32%
Florida Panthers #23 Carter Verhaeghe
30%
Ottawa Senators #24 Dylan Cozens
30%
Montreal Canadiens #47 Jayden Struble
30%
Buffalo Sabres #23 Mattias Samuelsson
30%
Toronto Maple Leafs #67 Max Pacioretty
30%
Florida Panthers #88 Nate Schmidt
30%
Ottawa Senators #21 Nick Cousins
30%
Boston Bruins #91 Nikita Zadorov
30%
New Jersey Devils #18 Ondrej Palat
30%
Washington Capitals #80 Pierre-Luc Dubois
30%
Washington Capitals #9 Ryan Leonard
30%
New York Islanders #40 Semyon Varlamov
30%
Washington Capitals #77 T.J. Oshie
30%
Detroit Red Wings #34 Alex Lyon
28%
Detroit Red Wings #39 Cam Talbot
28%
Toronto Maple Leafs #8 Chris Tanev
28%
Buffalo Sabres #13 Josh Norris
28%
Tampa Bay Lightning #22 Oliver Bjorkstrand
28%
Philadelphia Flyers #74 Owen Tippett
28%
Philadelphia Flyers #55 Rasmus Ristolainen
28%
Washington Capitals #38 Rasmus Sandin
28%
Philadelphia Flyers #6 Travis Sanheim
28%
Ottawa Senators #2 Artem Zub
26%
Detroit Red Wings #8 Ben Chiarot
26%
Columbus Blue Jackets #78 Damon Severson
26%
Florida Panthers #27 Eetu Luostarinen
26%
Buffalo Sabres #22 Jack Quinn
26%
Toronto Maple Leafs #22 Jake McCabe
26%
New York Islanders #44 Jean-Gabriel Pageau
26%
Detroit Red Wings #27 Michael Rasmussen
26%
Florida Panthers #77 Niko Mikkola
26%
Tampa Bay Lightning #27 Ryan McDonagh
26%
Toronto Maple Leafs #75 Ryan Reaves
26%
Toronto Maple Leafs #24 Scott Laughton
26%
Toronto Maple Leafs #2 Simon Benoit
26%
Detroit Red Wings #77 Simon Edvinsson
26%
Florida Panthers #10 A.J. Greer
25%
Detroit Red Wings #20 Albert Johansson
25%
Philadelphia Flyers #10 Bobby Brink
25%
Columbus Blue Jackets #4 Cole Sillinger
25%
Washington Capitals #24 Connor McMichael
25%
Tampa Bay Lightning #81 Erik Cernak
25%
Washington Capitals #6 Jakob Chychrun
25%
Detroit Red Wings #46 Jeff Petry
25%
Tampa Bay Lightning #31 Jonas Johansson
25%
New Jersey Devils #71 Jonas Siegenthaler
25%
Detroit Red Wings #37 J.T. Compher
25%
Washington Capitals #20 Lars Eller
25%
Carolina Hurricanes #77 Mark Jankowski
25%
New York Rangers #73 Matt Rempe
25%
Tampa Bay Lightning #20 Nick Paul
25%
Philadelphia Flyers #33 Samuel Ersson
25%
Toronto Maple Leafs #18 Steven Lorentz
25%
Florida Panthers #92 Tomas Nosek
25%
Tampa Bay Lightning #37 Yanni Gourde
25%
Detroit Red Wings #18 Andrew Copp
23%
Washington Capitals #72 Anthony Beauvillier
23%
New York Islanders #11 Anthony Duclair
23%
New York Rangers #4 Braden Schneider
23%
Tampa Bay Lightning #13 Cam Atkinson
23%
Philadelphia Flyers #9 Jamie Drysdale
23%
Detroit Red Wings #3 Justin Holl
23%
Pittsburgh Penguins #13 Kevin Hayes
23%
Washington Capitals #3 Matt Roy
23%
Washington Capitals #26 Nic Dowd
23%
Washington Capitals #19 Nicklas Backstrom
23%
New York Islanders #24 Scott Mayfield
23%
Columbus Blue Jackets #59 Yegor Chinakov
23%
New York Islanders #34 Adam Boqvist
21%
Washington Capitals #88 Andrew Mangiapane
21%
New York Islanders #53 Casey Cizikas
21%
Tampa Bay Lightning #43 Darren Raddysh
21%
Toronto Maple Leafs #64 David Kampf
21%
Ottawa Senators #57 David Perron
21%
Florida Panthers #7 Dmitry Kulikov
21%
Buffalo Sabres #17 Jason Zucker
21%
Florida Panthers #70 Jesper Boqvist
21%
Tampa Bay Lightning #90 J.J. Moser
21%
Detroit Red Wings #92 Marco Kasper
21%
Washington Capitals #16 Taylor Raddysh
21%
Ottawa Senators #18 Tim Stuzle
21%
Florida Panthers #41 Vitek Vanecek
21%
Pittsburgh Penguins #39 Alex Nedeljkovic
19%
Ottawa Senators #31 Anton Forsberg
19%
Toronto Maple Leafs #19 Calle Jarnkrok
19%
Buffalo Sabres #47 James Reimer
19%
New York Islanders #21 Kyle Palmieri
19%
Florida Panthers #25 Mackie Samoskevich
19%
Boston Bruins #6 Mason Lohrei
19%
Ottawa Senators #33 Nikolas Matinpalo
19%
Buffalo Sabres #19 Payton Krebs
19%
Ottawa Senators #12 Shane Pinto
19%
New Jersey Devils #90 Tomas Tatar
19%
New York Islanders #4 Tony DeAngelo
19%
New Jersey Devils #5 Brenden Dillon
17%
New Jersey Devils #12 Cody Glass
17%
Tampa Bay Lightning #78 Emil Lilleberg
17%
Ottawa Senators #20 Fabian Zetterlund
17%
Florida Panthers #12 Jonah Gadjovich
17%
Buffalo Sabres #12 Jordan Greenway
17%
Toronto Maple Leafs #30 Matt Murray
17%
Philadelphia Flyers #44 Nicolas Deslauriers
17%
Philadelphia Flyers #27 Noah Cates
17%
Toronto Maple Leafs #29 Pontus Holmberg
17%
Ottawa Senators #71 Ridly Greig
17%
Pittsburgh Penguins #27 Ryan Graves
17%
Columbus Blue Jackets #7 sean Kuraly
17%
New York Islanders #10 Simon Holmstrom
17%
Washington Capitals #15 Sonny Milano
17%
Florida Panthers #26 Uvis Balinskis
17%
Toronto Maple Leafs #35 Dennis Hildeby
15%
Detroit Red Wings #56 Erik Gustafsson
15%
Detroit Red Wings #48 Jonatan Berggren
15%
Tampa Bay Lightning #48 Nick Perbix
15%
Pittsburgh Penguins #55 Noel Acciari
15%
Toronto Maple Leafs #51 Philippe Myers
15%
Philadelphia Flyers #94 Ryan Ellis
15%
Buffalo Sabres #71 Ryan McLeod
15%
Pittsburgh Penguins #5 Ryan Shea
15%
New Jersey Devils #11 Stefan Noesen
15%
Boston Bruins #52 Andrew Peeke
13%
New York Rangers #24 Carson Soucy
13%
Boston Bruins #11 Casey Mittelstadt
13%
Columbus Blue Jackets #15 Dante Fabbro
13%
Tampa Bay Lightning #93 Gage Goncalves
13%
Carolina Hurricanes #56 Jack Morrow
13%
Columbus Blue Jackets #29 Jack Williams
13%
Boston Bruins #19 John Beecher
13%
New Jersey Devils #8 Jonathan Kovacevic
13%
Ottawa Senators #1 Leevi Merilainen
13%
Ottawa Senators #40 Mads Sogaard
13%
Boston Bruins #92 Marat Khusnutdinov
13%
Columbus Blue Jackets #24 Mathieu Olivier
13%
New York Islanders #7 Maxim Tsyplakov
13%
Ottawa Senators #22 Michael Amadio
13%
New Jersey Devils #47 Paul Cotter
13%
Philadelphia Flyers #71 Tyson Foerster
13%
Toronto Maple Leafs #46 Alex Steeves
11%
Washington Capitals #22 Brandon Duhaime
11%
Toronto Maple Leafs #36 Dakota Mermis
11%
Buffalo Sabres #78 Jacob Bryson
11%
Columbus Blue Jackets #22 Jordan Harris
11%
Boston Bruins #47 Mark Kastelic
11%
New Jersey Devils #14 Nathan Bastian
11%
Ottawa Senators #3 Nick Jensen
11%
Pittsburgh Penguins #73 P.O Joseph
11%
Ottawa Senators #23 Travis Hamonic
11%
Ottawa Senators #43 Tyler Kleven
11%
New York Rangers #50 Will Cuyle
11%
New Jersey Devils #45 Colton White
9%
Pittsburgh Penguins #75 connor Clifton
9%
Pittsburgh Penguins #43 Danton Heinen
9%
Philadelphia Flyers #5 Egor Zamula
9%
Washington Capitals #53 Ethen Frank
9%
Boston Bruins #20 Henri Jokiharju
9%
Columbus Blue Jackets #17 Justin Danforth
9%
Montreal Canadiens #55 Michael Pezzeta
9%
Philadelphia Flyers #24 Nick Seeler
9%
New Jersey Devils #50 Nico Daws
9%
Florida Panthers #8 Nico Sturm
9%
New York Islanders #18 Pierre Engvall
9%
New York Rangers #39 Sam Carrick
9%
New York Rangers #18 Urho Vaakanainen
9%
New York Rangers #17 Will Borgen
9%
New York Rangers #84 Adam Edstrom
8%
Buffalo Sabres #29 Beck Malenstyn
8%
Pittsburgh Penguins #46 Blake Lizotte
8%
Pittsburgh Penguins #19 Connor Dewar
8%
New Jersey Devils #42 Curtis Lazar
8%
Boston Bruins #94 Jakub Lauko
8%
New York Rangers #22 Jonny Brodzinski
8%
New York Rangers #71 Juuso Parssinen
8%
Tampa Bay Lightning #11 Luke Glendening
8%
Carolina Hurricanes #27 Tyson Jost
8%
Columbus Blue Jackets #27 Zachary Aston-Reese
8%
Tampa Bay Lightning #28 Zemgus Girgensons
8%
Ottawa Senators #81 Adam Gaudette
6%
New Jersey Devils #2 Brian Dumoulin
6%
Columbus Blue Jackets #36 Christian Fischer
6%
New Jersey Devils #10 Daniel Sprong
6%
Washington Capitals #52 Dylan McIlrath
6%
Philadelphia Flyers #19 Garnet Hathaway
6%
Buffalo Sabres #24 Jacob Bernard-Docker
6%
Ottawa Senators #14 Jan Jenik
6%
Carolina Hurricanes #54 Juha Jaaska
6%
New Jersey Devils #23 Kurtis MacDermid
6%
Toronto Maple Leafs #83 Marshall Rifai
6%
Toronto Maple Leafs #55 Matt Benning
6%
Pittsburgh Penguins #24 Matt Grzelcyk
6%
Pittsburgh Penguins #83 Matt Nieto
6%
Tampa Bay Lightning #41 Mitchell Chaffee
6%
Toronto Maple Leafs #26 Nick Abruzzese
6%
Boston Bruins #29 Parker Wotherspoon
6%
Pittsburgh Penguins #53 Philip Tomasino
6%
Pittsburgh Penguins #2 Rutger McGroarty
6%
Pittsburgh Penguins #18 Tommy Novak
6%
Toronto Maple Leafs #47 Topi Niemela
6%
Philadelphia Flyers #35 Aleksei Kolosov
4%
Washington Capitals #27 Alexander Alexeyev
4%
Ottawa Senators #59 Angus Crookshank
4%
New York Rangers #34 Arthur Kaliyev
4%
New York Rangers #78 Brennan Othmann
4%
New York Rangers #44 Calvin De Haan
4%
Ottawa Senators #51 Cole Reinhardt
4%
New Jersey Devils #44 Dennis Cholowski
4%
Ottawa Senators #6 Dennis Gilbert
4%
New York Rangers #94 Gabe Perreault
4%
Toronto Maple Leafs #61 Jacob Quillan
4%
Columbus Blue Jackets #2 Jake Christiansen
4%
Philadelphia Flyers #22 Jakob Pelletier
4%
Toronto Maple Leafs #28 Jani Hakanpaa
4%
New York Islanders #50 Marcus Hogberg
4%
Ottawa Senators #15 Matthew Highmore
4%
Carolina Hurricanes #61 Riley Stillman
4%
New Jersey Devils #24 Seamus Casey
4%
Pittsburgh Penguins #14 Bokondji Imama
2%
Columbus Blue Jackets #16 Brendan Gaunce
2%
New York Rangers #65 Brett Berard
2%
Ottawa Senators #58 Carter Yakemchuk
2%
Philadelphia Flyers #68 Devin Kaplan
2%
Ottawa Senators #37 Donovan Sebrango
2%
Ottawa Senators #42 Hayden Hodgson
2%
Philadelphia Flyers #23 Karsen Dorwart
2%
Columbus Blue Jackets #62 Kevin Labanc
2%
New York Islanders #32 Kyle MacLean
2%
Columbus Blue Jackets #11 Luke Kunin
2%
New York Islanders #16 Marc Gatcomb
2%
New Jersey Devils #21 Marc McLaughlin
2%
New Jersey Devils #39 Mike Hardman
2%
Toronto Maple Leafs #84 Mikko Kokkonen
2%
New York Rangers #96 Nicolas Aube-Kubel
2%
New Jersey Devils #29 Nolan Foote
2%
Toronto Maple Leafs #33 Roni Hirvonen
2%
Buffalo Sabres #81 Sam Lafferty
2%
Ottawa Senators #54 Tyler Boucher
2%
Detroit Red Wings #14 Tyler motte
2%
Detroit Red Wings #84 William Lagesson
2%
Toronto Maple Leafs #76 William Villeneuve
2%
Toronto Maple Leafs #70 Artur Akhtyamov
0%
New Jersey Devils #48 Brian Halonen
0%
Toronto Maple Leafs #52 Cade Webber
0%
Detroit Red Wings #43 Carter Mazur
0%
Boston Bruins #45 Cole Koepke
0%
Columbus Blue Jackets #44 Erik Grandbranson
0%
Ottawa Senators #45 Garrett Pilon
0%
New York Islanders #20 Hudson Fasching
0%
New Jersey Devils #65 Isaac Poulter
0%
Philadelphia Flyers #82 Ivan Fedetov
0%
Florida Panthers #6 Jaycob Megna
0%
New Jersey Devils #37 Justin Bowling
0%
Washington Capitals #42 Martin Ferhervary
0%
New Jersey Devils #16 Nathan Legare
0%
New York Islanders #26 Scott Perunovich
0%
Ottawa Senators #83 Stephen Halliday
0%
Ottawa Senators #98 Tomas Hamara
0%
New Jersey Devils #38 Topias Vilen
0%
Washington Capitals #57 Trevor Van Riesmdyk
0%
Pittsburgh Penguins #23 Vladislav Kolyachonok
0%
Ottawa Senators #49 Wyatt Bongiovanni
0%
Ottawa Senators #17 Zack McEwen
0%
No matching quizzes found
Score Distribution
Percent of People with Each Score
Percentile by Number Answered
Your Score History
You have not taken this quiz